000 00767nam a22002177a 4500
003 koha_MIRAKIL
005 20250410091732.0
008 250410b tur||||| |||| 00| 0 tur d
020 _a9786052958070
040 _aTR-IsEVY
_btur
_cTR-IsEVY
041 _atur
082 _aFIC BİR/K
100 _aBirincioğlu, Göknur
245 0 _aKaç Punto kaç ! :
_bbir müzik ve matematik serüveni /
_cGöknur Birincioğlu ; resimleyen Hüseyin Sönmezay.
250 _a2. bs.
260 _aİstanbul :
_bTürkiye İş Bankası Kültür Yayınları,
_c2020.
300 _a40 s. :
_brenkli resimli ;
_c29 cm.
650 _aÇocuk Edebiyatı.
_vÇocuk Hikayeleri.
_vMüzik Hikayesi.
_vMatematik Hikayesi.
700 1 _aSönmezay, Hüseyin.
_cresimleyen.
942 _2ddc
_cBK
999 _c21637
_d21637